Data Analytics with R (Record no. 38053)

MARC details
000 -LEADER
fixed length control field 01105nam a22001817a 4500
020 ## - INTERNATIONAL STANDARD BOOK NUMBER
ISBN 978-8126576463
082 ## - DEWEY DECIMAL CLASSIFICATION NUMBER
Classification number 005.43(R) BHA
100 ## - MAIN ENTRY--AUTHOR NAME
Personal name Bharti Motwani
245 ## - TITLE STATEMENT
Title Data Analytics with R
250 ## - EDITION STATEMENT
Edition statement 1
260 ## - PUBLICATION, DISTRIBUTION, ETC. (IMPRINT)
Name of publisher Wiley
Place of publication New Delhi
Year of publication 2023
300 ## - PHYSICAL DESCRIPTION
Number of Pages 664
Other physical details Item Weight ‏ : ‎ 111 g Dimensions ‏ : ‎ 20.3 x 25.4 x 4.7 cm
520 ## - SUMMARY, ETC.
Summary, etc Data analysis is the method of examining, cleansing, and modelling with the objective of determining useful information for effective decision-making and operations. It includes diverse techniques and tools and plays a major role in different business, Science and Social Science areas. R software provides numerous functions and packages for using different techniques for producing desired outcome. Data analytics with R will enable readers gain sufficient knowledge and experience to perform analysis using different analytical tools available in R. Each Chapter begins with a number of important and interesting examples taken from a variety of sectors.
650 ## - SUBJECT ADDED ENTRY--TOPICAL TERM
Topical Term CSE
942 ## - ADDED ENTRY ELEMENTS (KOHA)
Koha item type Text Book
952 ## - LOCATION AND ITEM INFORMATION (KOHA)
Damaged status
Not for loan
Holdings
Withdrawn status Collection code Permanent Location Current Location Shelving location Date acquired Source of acquisition Cost, normal purchase price Inventory number Full call number Accession Number Price effective from Koha item type
  Computer Science and Engineering VAST Central Library VAST Central Library S-19/CS 14/11/2025 Minerva Books 889.00 86 005.43(R) BHA 38163 01/12/2025 Text Book